| 000 | 00702cam a2200193ua 4500 | ||
|---|---|---|---|
| 020 | _c3.00 | ||
| 041 |
_ahin _h |
||
| 082 |
_a891.54 _bJAY/AA |
||
| 100 | _aJayashankar, Prasad . | ||
| 110 | 1 |
_a . _b _c() |
|
| 245 |
_aAakash-deep / _cJayashankar Prasad. _hTextual Documents |
||
| 250 |
_a1 / _b. |
||
| 260 |
_a : _bBharati Bhandar , _c1929. |
||
| 300 | _a173 ; . | ||
| 365 | _a3.00 | ||
| 504 | _a | ||
| 942 | _cBK | ||
| 999 |
_c8042 _d8042 |
||